000 005450000a22001930004500
001 001062
003 MACL
005 20150715151156.0
008 150715b xxu||||| |||| 00| 0 eng d
040 _aMACL
_cMACL
041 _aEnglish
082 _a323.44/MUK
100 _aMukherjee, Tapan Das
_92230
245 _aTaraknath Das
_bLife and Letter of A Revolutionary In Exile
_cTapan Das Mukherjee
260 _aCalcutta
_c1998
_bNational Council of Education Bangal,
350 _a200
650 _aPolitical Science
_988
942 _k323
_cBK
_2ddc
999 _c1057
_d1057